000 00764 a2200205 4500
020 _a0130955124
020 _a0130797839
040 _aDLC
_bDLC
100 1 _aTroyka, Lynn Quitman,
245 1 0 _aSimon & Schuster handbook for writers
_cLynn Quitman Troyka.
246 3 _aSimon and Schuster handbook for writers.
246 3 _aHandbook for writers.
250 _a5th ed., Annotated instructor's ed.
260 _aUpper Saddle River, N.J. :
_bPrentice Hall,
_cc1999.
300 _aSP 18, AIE 36, xxxi, 846 p. :
_bill. (some col.) ;
_c22 cm.
650 0 _aEnglish language
_xRhetoric
_xHandbooks, manuals, etc.
650 0 _aEnglish language
_xGrammar
_xHandbooks, manuals, etc.
650 0 _aReport writing
_xHandbooks, manuals, etc.
942 _cBK
_k808.042 TRO
_2ddc
999 _c4842
_d4842